Complete theories /

Guardado en:
Autor Principal: Robinson, Abraham, 1918-1974.
Formato: Libro
Idioma:English
Publicado: Amsterdam : North-Holland, 1956.
Series:Studies in logic and the foundations of mathematics
Etiquetas: Agregar Etiqueta
Sin Etiquetas, Sea el primero en etiquetar este registro!
LEADER 00635nam a22001815a 4500
001 MAT.inmabb000382
008 031209s1956####ne#######b####001#0#eng#d
005 20110301171746.0
245 1 0 |a Complete theories /  |c Abraham Robinson. 
260 |a Amsterdam :  |b North-Holland,  |c 1956. 
300 |a 129 p. ;  |c 22 cm. 
440 0 |a Studies in logic and the foundations of mathematics 
504 |a Incluye referencias bibliográficas (p. [126]-127). 
510 4 |a MR,  |c 17,817b 
100 1 |a Robinson, Abraham,  |d 1918-1974. 
084 |a 03C35 (03C60)  |2 msc2000 
859 |h 03  |i R658c  |p A-123  |b BIB. MATEMATICA 
859 |h 03  |i R658c  |p A-1025  |t Ej. 2  |b BIB. MATEMATICA